000
00314nam a22001337a 4500
003
SGT
020
_a
9788131605943
082
_a
820
_b
G13C
100
_a
CHAUDHARY, S.N.
245
_a
GLOBALIZATION, NATIONAL DEVELOPMENT & TRIBAL IDENTITY
260
_b
RAWAT PUBLICATIONS
_c
2013
300
_a
305
942
_2
ddc
_c
BK
999
_c
29233
_d
29233